[Carpeta d'anelles del] Pla municipal de prevenció d'incendis forestals
Descripción Física:
1 carpeta d'anelles ; 26 x 34 cm
Idioma:
Catalán
MARC
| LEADER | 00000nrm a22000007a 4500 | ||
|---|---|---|---|
| 001 | 27747 | ||
| 003 | Arxiu | ||
| 005 | 20260324181514.0 | ||
| 008 | 230426b spa||||| |||| 00| 0 cat d | ||
| 040 | |a agdb |b cat | ||
| 110 | |a Barcelona (Catalunya : Província). |b Oficina Tècnica de Prevenció Municipal d'Incendis Forestals |9 9456 | ||
| 245 | |a [Carpeta d'anelles del] Pla municipal de prevenció d'incendis forestals | ||
| 246 | |a PPI | ||
| 260 | |a [Barcelona : |b Diputació de Barcelona ; |c 201? - 202?] | ||
| 300 | |a 1 carpeta d'anelles ; |c 26 x 34 cm | ||
| 500 | |a Inclou separadors a l'interior. | ||
| 650 | 0 | |9 50256 |a Incendis forestals |x Prevenció i control | |
| 650 | 0 | |9 54098 |a Objectes publicitaris | |
| 942 | |2 udc |c ARXIU |n 1 | ||
| 952 | |0 0 |1 0 |2 udc |4 0 |6 NBM1754 |7 1 |9 66188 |a Arxiu |b Arxiu |d 2023-04-26 |l 0 |o NBM-17-54 |p 27747 |r 2023-04-26 00:00:00 |w 2023-04-26 |y ARXIU | ||
| 999 | |c 83380 |d 83380 | ||